000
00291nam a2200109Ia 4500
008
171205s9999 xx 000 0 und d
020
_a
9789712368257
100
_a
De Leon, Hector S.
245
4
_a
The Law on obligations and conctracts
260
_b
Rex Bookstore
_c
2014
300
_a
494 pages
999
_c
347418
_d
347418